DC Dutta Textbook of Gynaecology (Record no. 58198)
[ view plain ]
| 000 -LEADER | |
|---|---|
| fixed length control field | 00458nam a2200169Ia 4500 |
| 008 - FIXED-LENGTH DATA ELEMENTS--GENERAL INFORMATION | |
| fixed length control field | 220603s9999 xx 000 0 und d |
| 020 ## - INTERNATIONAL STANDARD BOOK NUMBER | |
| International Standard Book Number | 978-93-85891-59-5 |
| 082 ## - DEWEY DECIMAL CLASSIFICATION NUMBER | |
| Classification number | 618.1 |
| Item number | KON |
| 100 ## - MAIN ENTRY--PERSONAL NAME | |
| Personal name | Dutta D C & Konar Hiralal |
| 9 (RLIN) | 93875 |
| 245 ## - TITLE STATEMENT | |
| Title | DC Dutta Textbook of Gynaecology |
| Remainder of title | including contraception |
| 250 ## - EDITION STATEMENT | |
| Edition statement | 7th ed |
| 260 ## - PUBLICATION, DISTRIBUTION, ETC. (IMPRINT) | |
| Place of publication, distribution, etc. | New Delhi |
| Name of publisher, distributor, etc. | Jaypee Brothers |
| Date of publication, distribution, etc. | 2016 |
| 300 ## - PHYSICAL DESCRIPTION | |
| Extent | 574p |
| 365 ## - TRADE PRICE | |
| Price amount | Rs. |
| 542 ## - INFORMATION RELATING TO COPYRIGHT STATUS | |
| Personal creator death date | GNM |
| Withdrawn status | Lost status | Damaged status | Not for loan | Home library | Current library | Date acquired | Vendor | Bill number | Total Checkouts | Full call number | Barcode | Date last seen | Bill Date | Koha item type | Original Barcode |
|---|---|---|---|---|---|---|---|---|---|---|---|---|---|---|---|
| Smt. Bakul Tambat Institute of Nursing Education | Smt. Bakul Tambat Institute of Nursing Education | 02/11/2018 | Samutkarsh | 1431 | 618.1 KON CD0370 | BTIN-CD-370 | 10/08/2022 | 30/03/2017 | CD | CD0370 | |||||
| Smt. Bakul Tambat Institute of Nursing Education | Smt. Bakul Tambat Institute of Nursing Education | 02/11/2018 | Samutkarsh | 1431 | 618.1 KON CD0371 | BTIN-CD-371 | 10/08/2022 | 30/03/2017 | CD | CD0371 |